|
|
|
|
| LEADER |
01138nam a2200229 a 4500 |
| 001 |
601 |
| 008 |
130609s1965 it ab b 000 0 eng d |
| 010 |
|
|
|a 66004920
|
| 040 |
|
|
|a DLC
|c CarP
|d DLC
|d BD-DhAAL
|
| 082 |
|
|
|a 363.8/2/09669
|2 21
|
| 100 |
1 |
|
|a Dema, I. S.
|
| 245 |
1 |
0 |
|a Nutrition in relation to agricultural production :
|b a manual for extension supervisors in agriculture, home economics, rural health, community development and for workers in other fields related to nutrition in Nigeria and the countries of West Africa /
|c by I. S. Dema.
|
| 260 |
|
|
|a Rome :
|b Food and Agriculture Organization of the United Nations,
|c c1965.
|
| 300 |
|
|
|a vii, 123 p. :
|b illus., maps. ;
|c 23 cm.
|
| 541 |
|
|
|e 601
|
| 650 |
|
0 |
|a Diet
|z Nigeria.
|
| 650 |
|
0 |
|a Food supply
|z Nigeria.
|
| 650 |
|
0 |
|a Malnutrition.
|
| 710 |
2 |
|
|a Food and Agriculture Organization of the United Nations.
|
| 852 |
1 |
|
|a Ayesha Abed Library
|j General shelf.
|
| 999 |
|
|
|c 13548
|d 13548
|
| 952 |
|
|
|0 0
|1 0
|2 ddc
|4 0
|6 363_820966900000000_DEM
|7 0
|9 22644
|a BRACUL
|b BRACUL
|c GEN
|d 2013-06-09
|g 0.00
|l 0
|o 363.8209669 DEM
|p 3010000601
|r 2013-06-09
|t 1
|w 2013-06-09
|y BK
|z Not price in Register
|x Not price in Register
|